| 000 | 00577nam a2200169Ia 4500 | ||
|---|---|---|---|
| 003 | GCL | ||
| 008 | 140319s9999 xx 000 0 ara d | ||
| 040 |
_aGCL / _cGCL |
||
| 082 | 0 | 4 |
_aق _b322.1 _bج ف |
| 100 | 1 | _aجمال بدوى | |
| 245 | 1 | 0 |
_aالفتنة الطائفية فى مصر: جذورها واسبابها 0 دراسة تاريخية ورؤية تحليلية / _cجمال بدوى |
| 260 |
_a[S.N] : _bالزهراء للاعلام العربى ، _c1992 |
||
| 300 | _a162 ص | ||
| 490 | _a | ||
| 650 | 0 | 4 | _aالاسلام والمسيحية |
| 942 |
_2ddc _cBK |
||
| 999 |
_c55610 _d55610 |
||